| 000 | 00710nam a22002177a 4500 | ||
|---|---|---|---|
| 999 |
_c6606 _d6606 |
||
| 003 | AR-CdUCM | ||
| 008 | 190318b ||||| |||| 00| 0 spa d | ||
| 020 | _a84-700-483-X | ||
| 040 |
_aMUNICIPALIDAD PROVINCIAL DEL CUSCO _cBIBLIOTECA MUNICIPAL DEL CUSCO |
||
| 041 | _hita | ||
| 082 |
_22ed. _a503 / _bEN56 |
||
| 110 |
_aDanae S. A. _918591 |
||
| 245 | _aEnciclopedia de la ciencia y de la técnica / | ||
| 260 |
_aBarcelona : _bEdiciones Danae S. A., _c1974. |
||
| 300 |
_a6 tomos ; _bIlustraciones, _c24 cm. |
||
| 505 | _aContenido: t.1: a-b -- t.2: c-d -- t.3: e-g -- t.4: h-met -- t.5: mez-q -- t.6: r-z | ||
| 650 |
_aCiencia _92098 |
||
| 650 |
_aTécnica _913122 |
||
| 942 |
_2ddc _cLIBROS |
||
| 945 | _awnts | ||